00338nam a2200145Ia 4500003000500000008004100005020001800046040001900064082000700083100001800090245003200108260003200140300000800172546001200180STCL181203s9999 xx 000 0 und d a9780099479154 aSTCLbENcSTCL 222 aCoetzee, J.M. 0aLife and Times of Michael K bVintage BooksaLondonc2004 a184 aEnglish